[Event "TUR-chT Clubs"]
[Site "Konya"]
[Date "2019.07.20"]
[Round "8.18"]
[White "Eroz, Deniz"]
[Black "Pamuk, Yagiz"]
[Result "0-1"]
[WhiteElo "1153"]
[BlackElo "1405"]
[PlyCount "80"]
[EventDate "2019.07.16"]
[EventType "team-swiss"]
[EventRounds "9"]
[EventCountry "TUR"]
[SourceTitle "CBM 191 Extra"]
[Source "ChessBase"]
[SourceDate "2019.09.30"]
[SourceVersion "1"]
[SourceVersionDate "2019.09.30"]
[SourceQuality "1"]
[WhiteTeam "Cotanak"]
[BlackTeam "Tusas Dernegi"]
[WhiteTeamCountry "TUR"]
[BlackTeamCountry "TUR"]

1. d4 d5 2. Nf3 Nf6 3. Bf4 e6 4. e3 c5 5. c3 Qb6 6. Qc2 c4 7. Nbd2 Bd7 8. Be2 Be7 9. b3 cxb3 10. axb3 Nc6 11. 0-0 0-0 12. Ne5 Nxe5 13. Bxe5 Rfc8 14. c4 Bc6 15. c5 Qd8 16. b4 Be8 17. Rfb1 Nd7 18. Bg3 f6 19. Bd3 h5 20. Qb3 g5 21. h3 Kg7 22. b5 Bxc5 23. dxc5 Nxc5 24. Qa3 Nxd3 25. Qxd3 Bg6 26. e4 dxe4 27. Qe3 Qd3 28. Rxa7 Rxa7 29. Qxa7 Rd8 30. Qxb7+ Rd7 31. Qc6 Qxd2 32. Rc1 e5 33. b6 Kh6 34. Qc8 h4 35. Rc7 Rd8 36. b7 e3 37. b8Q e2 38. Qxd8 e1Q+ 39. Kh2 hxg3+ 40. fxg3 Qxg3+ 0-1